LEADER 01490nam0-2200301---450- 001 990009094480403321 005 20100712093741.0 035 $a000909448 035 $aFED01000909448 035 $a(Aleph)000909448FED01 035 $a000909448 100 $a20090925d19521953km-y0itay50------ba 101 0 $aspa 102 $aES 105 $ay-------001yy 200 1 $aObras completas de san Anselmo$etraducidas por primera vez al castellano, texto latino de la edicion critica del p. Schmidt$fintroduccion general, version castellana y notas teologicas, sacadas de los sacadas de los comentarios del p. Olivares, por el p. Julian Alameda 210 $aMadrid$cLa editorial catolica$d1952-1953 215 $av. 2$d20 cm 327 1 $a1: Monologio ; Proslogio ; Acerca del gramatico ; De la verdad ; Del libro albedrio ; De la caida del demonio ; Carta sobre la encarnacion del Verbo ; Por que Dios se hizo hombre$a2: De la concepcion virginal y del pecado original ; Sobre la procesion del Espiritu Santo ; Cartas dogmaticas ; De la concordia de la presciencia, de la predestinacion y gracia divina con el libre albedrio ; Oraciones y meditaciones ; Cartas 700 1$aAnselmus Cantuariensis$c$0159583 701 1$aAlameda,$bJulian$0506044 801 0$aIT$bUNINA$gRICA$2UNIMARC 901 $aBK 912 $a990009094480403321 952 $a270.092 ANS 1 (1-2)$fFLFBC 959 $aFLFBC 996 $aObras completas de san Anselmo$9785227 997 $aUNINA